书目信息 |
| 题名: |
计算机组网实验教程
|
|
| 作者: | 王宣政 编著 | |
| 分册: | ||
| 出版信息: | 西安 西安电子科技大学出版社 2005.7 |
|
| 页数: | 311页 | |
| 开本: | 26cm | |
| 丛书名: | 高等学校计算机网络工程专业规划教材 | |
| 单 册: | ||
| 中图分类: | TP393-33 | |
| 科图分类: | ||
| 主题词: | 计算机网络--ji suan ji wang luo--实验--高等学校--教材 | |
| 电子资源: | ||
| ISBN: | 7-5606-1546-5 | |
| 000 | 01095nam 2200265 450 | |
| 001 | CAL 012006090069 | |
| 005 | 20061027150426.57 | |
| 010 | @a7-5606-1546-5@dCNY23.00 | |
| 099 | @aCAL 012006090069 | |
| 100 | @a20060909d2005 em y0chiy0120 ea | |
| 101 | 0 | @achi |
| 102 | @aCN@b610000 | |
| 105 | @aa z 000yy | |
| 200 | 1 | @a计算机组网实验教程@Aji suan ji zu wang shi yan jiao cheng@f王宣政 … [等]编著 |
| 210 | @a西安@c西安电子科技大学出版社@d2005.7 | |
| 215 | @a311页@c图@d26cm | |
| 225 | 2 | @a高等学校计算机网络工程专业规划教材@Agao deng xue xiao ji suan ji wang luo gong cheng zhuan ye gui hua jiao cai |
| 304 | @a本书编著者为: 王宣政、赵婧如、刘瑛等 | |
| 330 | @a本书介绍了网络的基础理论, 并安排了相关实验, 全书分为11章, 分别介绍了基本的连接、配置实验, Windows2000 Server的网络配置、交换机和路由器的配置、网络程序设计等实验。 | |
| 410 | 0 | @12001 @a高等学校计算机网络工程专业规划教材 |
| 606 | 0 | @a计算机网络@Aji suan ji wang luo@x实验@x高等学校@j教材 |
| 690 | @aTP393-33@v4 | |
| 701 | 0 | @a王宣政@Awang xuan zheng@4编著 |
| 801 | 0 | @aCN@c20061027 |
| 905 | @a10447@dTP393-33@eW400 | |
| 计算机组网实验教程/王宣政 … [等]编著.-西安:西安电子科技大学出版社,2005.7 |
| 311页:图;26cm.-(高等学校计算机网络工程专业规划教材) |
| ISBN 7-5606-1546-5:CNY23.00 |
| 本书介绍了网络的基础理论, 并安排了相关实验, 全书分为11章, 分别介绍了基本的连接、配置实验, Windows2000 Server的网络配置、交换机和路由器的配置、网络程序设计等实验。 |
| ● |
| 相关链接 |
|
|
|
正题名:计算机组网实验教程
索取号:TP393-33/W400
 
预约/预借
| 序号 | 登录号 | 条形码 | 馆藏地/架位号 | 状态 | 备注 |
| 1 | 631669 | 206316690 | 自科二线404/404自科库 16排2列2层/ [索取号:TP393-33/W400] | 在馆 | |
| 2 | 631670 | 206316707 | 自科库301/301自科库 119排1列5层/ [索取号:TP393-33/W400] | 在馆 | |
| 3 | 631671 | 206316716 | 自科库301/301自科库 119排1列5层/ [索取号:TP393-33/W400] | 在馆 |